000
00258nam a22001097a 4500
082
_a
541.22 PAU'A
100
_a
PAULING, L,HAYWARD, R
_9
56926
245
_a
THE ARCHITECTURE OF MOLECULES
260
_a
LONDON
_b
W.H.FREEMAN
_c
1964
300
_a
59P
942
_c
BK
999
_c
567244
_d
567244